00670cam a22002171 4500001001300000003000400013005001700017008004100034010001700075035002000092040002800112042001200140050001700152100002000169245008500189260006500274300001900339504003000358650004700388999001700435sa 66007753 DLC20260227112307.0890803s1962 pk b 000 0 perr  asa 66007753  a(OCoLC)20124179 aDLCcCUdCUdOCoLCdDLC apremarc00aPK6408b.S371 aSarwar, Ghulam.10aTārīkh-i Zabān-i Fārsī,bqismat-i nas̲r.ctaʻlīf-i Ghulām Sawar. aKarāchī,bMaktabih-ʼi Khurshīd-i Dirakhshān,c1962. a264 p.c22 cm. aBibliography: p. 257-263. 0aPersian literaturexHistory and criticism. c71387d71387